| 000 | 00860nam a2200193 a 4500 | ||
|---|---|---|---|
| 001 | 000048470 | ||
| 005 | 20201002061158.0 | ||
| 008 | 190314s2008 dr a 000 0 spa d | ||
| 040 |
_aDO-SdBNP _bspa _cBNPHU |
||
| 082 |
_axxx _bxxx |
||
| 245 | 0 | 0 |
_aUna puntada a tiempo : _bel uso inteligente de la propiedad intelectual en las empresas del sector textil /. |
| 260 |
_aSanto Domingo, : _bONAPI, _c2008. |
||
| 300 |
_a84 p. : _bil. ; _c22 cm. |
||
| 490 | 1 |
_aPropiedad intelectual y las empresas ; _v5 ; |
|
| 505 | 0 |
_tLa propiedad intelectual en la industria de la confección -- _tDiseño industrial -- _tPatentes -- _tMarcas -- _tLa protección de la propiedad industrial (P.I.) en el exterior / |
|
| 590 | _aInventariado, 2019/YL | ||
| 710 | 1 |
_aOfinina Nacional de la Propiedad Industrial (ONAPI) _975875 |
|
| 830 | 0 |
_aPropiedad intelectual y las empresas _n5 _975882 |
|
| 999 |
_c47958 _d47958 |
||